书目信息 |
| 题名: |
大变形固结理论及其有限元法
|
|
| 作者: | 谢永利 著 | |
| 分册: | ||
| 出版信息: | 北京 人民交通出版社 1998.11 |
|
| 页数: | 154页 | |
| 开本: | 16开 | |
| 丛书名: | ||
| 单 册: | ||
| 中图分类: | TU411.5 | |
| 科图分类: | ||
| 主题词: | 土工试验 | |
| 电子资源: | ||
| ISBN: | 7-114-03221-8 | |
| 000 | 00578nam0 2200193 45 | |
| 001 | 0009071922 | |
| 005 | 20000907195650.2 | |
| 010 | @a7-114-03221-8@d25.00元 | |
| 100 | @a20000907d1998 km y0chiy0120 ea | |
| 101 | 0 | @achi |
| 105 | @a z 000yy | |
| 200 | 1 | @a大变形固结理论及其有限元法@ADa Bian Xing Gu Jie Li Lun Ji Qi You Xian Yuan Fa@f谢永利著@FXie Yong Li Zhu |
| 210 | @a北京@c人民交通出版社@d1998.11 | |
| 215 | @a154页@d16开 | |
| 606 | 0 | @a土工试验 |
| 690 | @aTU411.5@v3 | |
| 701 | 0 | @a谢永利@4著 |
| 801 | @aCN@bPftUser@c20000907 | |
| 905 | @b127523-532@dTU411.5@eX465@f10 | |
| 大变形固结理论及其有限元法/谢永利著.-北京:人民交通出版社,1998.11 |
| 154页;16开 |
| ISBN 7-114-03221-8:25.00元 |
| ● |
| 相关链接 |
|
|
|
正题名:大变形固结理论及其有限元法
索取号:TU411.5/X465
 
预约/预借
| 序号 | 登录号 | 条形码 | 馆藏地/架位号 | 状态 | 备注 |
| 1 | 127523 | 201275235 | 建筑库101/101建筑库 94排3列5层/ [索取号:TU411.5/X465] | 在馆 | |
| 2 | 127524 | 201275244 | 土木与交通工程学院资料室/土木与交通学院资料室 1排1列1层/ [索取号:TU411.5/X465] | 在馆 | |
| 3 | 127525 | 201275253 | 土木与交通工程学院资料室/土木与交通学院资料室 1排1列1层/ [索取号:TU411.5/X465] | 在馆 | |
| 4 | 127526 | 201275262 | 建筑库101/101建筑库 94排3列5层/ [索取号:TU411.5/X465] | 在馆 | |
| 5 | 127527 | 201275271 | 建筑库101/101建筑库 94排3列5层/ [索取号:TU411.5/X465] | 在馆 | |
| 6 | 127528 | 201275280 | 土木与交通工程学院资料室/土木与交通学院资料室 1排1列1层/ [索取号:TU411.5/X465] | 在馆 | |
| 7 | 127529 | 201275299 | 土木与交通工程学院资料室/土木与交通学院资料室 1排1列1层/ [索取号:TU411.5/X465] | 在馆 | |
| 8 | 127530 | 201275306 | 土木与交通工程学院资料室/土木与交通学院资料室 1排1列1层/ [索取号:TU411.5/X465] | 在馆 | |
| 9 | 127531 | 201275315 | 土木与交通工程学院资料室/土木与交通学院资料室 1排1列1层/ [索取号:TU411.5/X465] | 在馆 | |
| 10 | 127532 | 201275324 | 建筑库101/101建筑库 94排3列5层/ [索取号:TU411.5/X465] | 在馆 |